The Homewood trilogy / John Edgar Wideman ; ... Read More
Available copies
- 1 of 1 copy available at LARL/NWRL Consortium.
Current holds
0 current holds with 1 total copy.
Show Only Available Copies
| Location | Call Number / Copy Notes | Barcode | Shelving Location | Status | Due Date |
|---|---|---|---|---|---|
| Crookston Public Library | WID (Text) | 33500013930755 | Main | Available | - |
Record details
- ISBN: 9781982148881
- ISBN: 1982148888
- Physical Description: xx, 554 pages ; 22 cm
- Edition: Scribner trade paperback edition.
- Publisher: New York : Scribner, 2023.
Content descriptions
| Bibliography, etc. Note: | Includes bibliographical references. |
| Formatted Contents Note: | Damballah -- Hiding place -- Sent for you ... Read More |
| Summary, etc.: | In 1983, The Homewood Trilogy signaled the arrival ... Read More |
Search for related items by subject
| Subject: | African Americans > Pennsylvania > Pittsburgh > Fiction. Pittsburgh (Pa.) > Fiction. City and town life > Fiction. Linked stories. |
| Genre: | short stories. Short stories. |
| LDR | 02004cam a2200493 i 4500 | ||
|---|---|---|---|
| 001 | 428619 | ||
| 003 | LARL_NWRL_CONSORTIUM | ||
| 005 | 20240119221357.0 | ||
| 008 | 231128s2023 nyu b 000 j eng d | ||
| 010 | . | ‡a 2022513548 | |
| 040 | . | ‡aMIBLS ‡beng ‡erda ‡cDLC ‡dOCLCO ‡dYDX ‡dBDX ‡dTOH ‡dIG$ ‡dIUO ‡dSO$ ‡dJTH ‡dNZAUC | |
| 019 | . | ‡a1369679702 | |
| 020 | . | ‡a9781982148881 ‡q(paperback) | |
| 020 | . | ‡a1982148888 ‡q(paperback) | |
| 035 | . | ‡a(OCoLC)1410394782 ‡z(OCoLC)1369679702 | |
| 042 | . | ‡alccopycat | |
| 043 | . | ‡an-us-pa | |
| 082 | 0 | 0. | ‡a813/.54 ‡223/eng/20231130 |
| 100 | 1 | . | ‡aWideman, John Edgar, ‡eauthor. ‡0(LARL_NWRL_CONSORTIUM)74719 |
| 245 | 1 | 4. | ‡aThe Homewood trilogy / ‡cJohn Edgar Wideman ; introduction by Dr. Leila Kamali. |
| 250 | . | ‡aScribner trade paperback edition. | |
| 264 | 1. | ‡aNew York : ‡bScribner, ‡c2023. | |
| 300 | . | ‡axx, 554 pages ; ‡c22 cm | |
| 336 | . | ‡atext ‡btxt ‡2rdacontent | |
| 337 | . | ‡aunmediated ‡bn ‡2rdamedia | |
| 338 | . | ‡avolume ‡bnc ‡2rdacarrier | |
| 504 | . | ‡aIncludes bibliographical references. | |
| 505 | 0 | 0. | ‡tDamballah -- ‡tHiding place -- ‡tSent for you yesterday. |
| 520 | . | ‡aIn 1983, The Homewood Trilogy signaled the arrival of a major voice in American literature. Forty years later, this edition of the Trilogy celebrates Wideman's ongoing contribution by offering these masterworks to a new generation of readers. | |
| 650 | 0. | ‡aAfrican Americans ‡zPennsylvania ‡zPittsburgh ‡vFiction. | |
| 651 | 0. | ‡aPittsburgh (Pa.) ‡vFiction. ‡0(LARL_NWRL_CONSORTIUM)166647 | |
| 650 | 0. | ‡aCity and town life ‡vFiction. ‡0(LARL_NWRL_CONSORTIUM)164072 | |
| 650 | 7. | ‡aLinked stories. ‡2lcgft | |
| 655 | 7. | ‡ashort stories. ‡2aat | |
| 655 | 7. | ‡aShort stories. ‡2lcgft | |
| 700 | 1 | . | ‡aKamali, Leila, ‡ewriter of introduction. |
| 905 | . | ‡uvanderl | |
| 901 | . | ‡a428619 ‡bAUTOGEN ‡c428619 ‡tbiblio ‡soclc | |

Add to basket
Permalink
Disable Highlighting